| 000 | 00961nam a2200217 a 4500 | ||
|---|---|---|---|
| 001 | BRCA_9041 | ||
| 005 | 20190320210513.0 | ||
| 008 | 180817m18311834sp-a######---#000-0#spa-# | ||
| 041 | _aspa | ||
| 044 | _asp | ||
| 084 |
_aLM44 _b.D53 1831 |
||
| 245 | 1 | 0 | _aDiccionario geográfico universal |
| 260 |
_aBarcelona _bImprenta de José Torner _c1831-1834 |
||
| 300 |
_a10 v. _bil. _c24 x 17.5 cm |
||
| 500 | _aEn portada: Dedicado a la Reina Nuestra Señora | ||
| 500 | _aEstado físico: presenta encuadernación en pergamino con presencia del pez de plata | ||
| 505 | 0 | _aContenido: Tomo 1, Año 1831, A-BEN.-- Tomo 2, Año 1831, BEN-CZU.-- Tomo 3, Año 1831 DAA-GEN.-- Tomo 4, Año 1831, GEN-JYN.-- Tomo 5, Año 1832, KAA-MAR.-- Tomo 6, Año 1832, MAS-OSA.-- Tomo 7, Año 1832, OSC-RAP.-- Tomo 8, Año 1833, RAQ-SHU.-- Tomo 9, Año 1833, SIA-TOZ.-- Tomo 10, Año 1834, TRA-ZZA. | |
| 650 | 1 | 4 |
_aGeografía _vDiccionarios _922409 |
| 902 | _aCFM | ||
| 942 |
_2lcc _cB |
||
| 999 |
_c8691 _d8691 |
||